Kliknij sieć #1 - Statystyki

Ogólne statystyki
  • Ten quiz został rozwiązany 28 razy
  • Średni wynik to 24 z 30
Statystyki odpowiedzi
Hint Odpowiedź % Poprawnych
Drugim pod względem liczby ludności państwem na świecie są ... Chiny
100%
który był gospodarzem igrzysk olimpijskich w ... 1936
94%
który pochodzi z ... Argentyny
94%
gdzie mówią po ... Hiszpańsku
94%
który jest rokiem urodzenia ... Papieża Franciszka
94%
którego pierwsza litera nazwy oznacza ... Demokratyczną
88%
którzy kolonizowali ... Demokratyczną Republikę Konga
88%
która została oparta na filozofii ... Karla Marx
88%
którego rząd po I wojnie światowej przyjął ... Komunizm
88%
który jest częścią ... grupy językowej Romańskiej
88%
które graniczą z... Rosją
88%
który był przywódcą ... Wielkiej Brytanii
88%
w skład którego wchodzi również... Francuski
81%
które graniczy z ... Słowenią
81%
którego pierwszym przywódcą był ... Waszyngton
81%
która jest stolicą ... Włoch
81%
który jest jednym z trzech języków urzędowych w ... Belgii
75%
co zostało zaplanowane, częściowo, przez ... Churchilla
75%
grupa do której należą również ... Finowie
75%
który był systemem rządów opracowanym w starożytności w ... Grecji
75%
który urodził się w ... Niemczech
75%
które należy do ... grupy językowej uralskiej
75%
które graniczy z państwem, w którym mówi się po ... węgiersku
75%
który uzyskał niepodległość od ... Cesarstwa Osmańskiego
69%
który jest również znany jako ... Jowisz
69%
który przegrał wojnę ze ... w 1776 roku Stanami Zjednoczonymi
69%
które jest także starożytnym miastem, w którym można było czcić ... Zeusa
69%
który odparł kampanię I wojny światowej w ... Gallipoli
63%
jak brzmiało jego nazwa w starożytności ... Roma
56%
które jest również stanem, którego stolicą jest ... Olympia
44%
Nie znaleziono quizów pasujących do podanych kryteriów
Rozkład punktacji
Procent ludzi z każdym wynikiem
Percentyl według liczby udzielonych odpowiedzi
Twoja historia wyników
Nie rozwiązałeś tego quizu